MAASAI MARA UNIVERSITY

LIBRARY CATALOGUE

Contact Us: +254 020 2685356/7 or 0774 057787

Box: 861-20500, NAROK, KENYA

Email: info@mmarau.ac.ke

Cleopatra : (Record no. 26077)

MARC details
000 -LEADER
fixed length control field 00619cam a22002294a 4500
001 - CONTROL NUMBER
control field 16104227
003 - CONTROL NUMBER IDENTIFIER
control field OSt
005 - DATE AND TIME OF LATEST TRANSACTION
control field 20220504041037.0
008 - FIXED-LENGTH DATA ELEMENTS--GENERAL INFORMATION
fixed length control field 180919b ||||| |||| 00| 0 eng d
020 ## - INTERNATIONAL STANDARD BOOK NUMBER
International Standard Book Number 9780316001922
040 ## - CATALOGING SOURCE
Original cataloging agency MMU
Transcribing agency MMU
Modifying agency MMU
Language of cataloging eng
050 00 - LIBRARY OF CONGRESS CALL NUMBER
Classification number DT92.7 .S35 2010
100 1# - MAIN ENTRY--PERSONAL NAME
Personal name Schiff, Stacy.
245 10 - TITLE STATEMENT
Title Cleopatra :
Remainder of title a life /
Statement of responsibility, etc. by Stacy Schiff.
250 ## - EDITION STATEMENT
Edition statement 1st ed.
260 ## - PUBLICATION, DISTRIBUTION, ETC. (IMPRINT)
Place of publication, distribution, etc. New York :
Name of publisher, distributor, etc. Little, Brown and Co.,
Date of publication, distribution, etc. c2010.
300 ## - PHYSICAL DESCRIPTION
Extent 394 p. :
Other physical details ill. ;
Dimensions 24 cm.
500 ## - GENERAL NOTE
General note includes bibliographical references and index.
504 ## - BIBLIOGRAPHY, ETC. NOTE
Bibliography, etc I
650 #0 - SUBJECT ADDED ENTRY--TOPICAL TERM
Topical term or geographic name as entry element Queens
942 ## - ADDED ENTRY ELEMENTS (KOHA)
Source of classification or shelving scheme Library of Congress Classification
Koha item type L
Holdings
Withdrawn status Lost status Source of classification or shelving scheme Damaged status Not for loan Home library Current library Date acquired Source of acquisition Total Checkouts Full call number Barcode Date last seen Price effective from Koha item type
    Library of Congress Classification     Maasai Mara University Library -Main Campus Maasai Mara University Library -Main Campus 03/27/2017 Donation-T4C   DT92.7.S35 2010 17029134 03/27/2017 03/27/2017 L
    Library of Congress Classification     Maasai Mara University Library -Main Campus Maasai Mara University Library -Main Campus 09/19/2018 Donation   DT 92.7 .S35 2010 17036598 09/19/2018 09/19/2018 L
© 2016 Maasai Mara University.